000 01008nam a2200289 a 4500
001 25245
003 CO-ViMGA
008 141112s2004 ck r 000 u spa d
015 _ack - 2008 - xxxx
020 _a9789588565041
040 _aCO-ViMGA
_bspa
_cCO-ViMGA
082 0 4 _a779.486148 C65p
100 1 _aBeer, Paul
_938467
245 1 0 _aPaul Beer /
_c[textos, Luis Carlos Cólon, Santiago Rueda, Juan Pablo Fajardo]
250 _a1a. ed.
260 _aBogotá :
_bLa Silueta Ediciones,
_c2008
300 _alx, 130 p. : principalmente fot., mapa ; 23 cm.
490 _aF : ototk ; 4
598 _aNEW - GRAL, NEW, HISTORICAL
650 1 4 _aEtnografia - Imagenes
_938468
650 1 4 _aUrbanismo - Historia - Colombia - Fotografías
_938469
651 _aColombia - Descripciones y viajes - Fotografías
_938470
700 1 _aColón, Luis Carlos
_938471
917 _a2010 - 2359 2 ejemplares
942 _2ddc
_cBK
990 _a2010 - 2359 La Silueta Ediciones 2 ejemplares 21 23032010 a712780
999 _c32871
_d32871